最高速度が100㎞未満の路線 - Statistics

General Stats
  • This quiz has been taken 107 times
    89 since last reset
  • The average score is 5 of 14
Answers on the Grid
Answers color-coded by a green-red scale on the quiz's grid according to % correct below.
山手線
横須賀線
小田急小田原線
東武伊勢崎線
八高線
つくばエクスプレス線
武蔵野線
横浜線
京急本線
相鉄いずみ野線
伊豆急行線
京成本線
東京メトロ半蔵門線
都営大江戸線
都電荒川線
ゆりかもめ
西武池袋線
東急東横線
京王相模原線
湘南モノレール
京成成田スカイアクセス線
埼京線
五日市線
東北新幹線
山万ユーカリが丘線
吾妻線
りんかい線
東葉高速鉄道
東京メトロ東西線
流鉄流山線
 
Answer Stats
Answer % Correct
ゆりかもめ
71%
山万ユーカリが丘線
65%
流鉄流山線
53%
湘南モノレール
50%
都営大江戸線
48%
都電荒川線
45%
東京メトロ半蔵門線
39%
山手線
33%
吾妻線
29%
五日市線
27%
武蔵野線
11%
横浜線
11%
伊豆急行線
9%
横須賀線
0%
No matching quizzes found
Score Distribution
Percent of People with Each Score
Percentile by Number Answered
Your Score History
You have not taken this quiz since the last reset